MARC

LEADER 00000nam0a2200000 4500
001 37220
005 20231101210423.0
010 |a 8973750038 
035 |a (RuTPU)RU\TPU\book\37778 
090 |a 37220 
100 |a 20011226d1993 km y0rusy50 ca 
101 0 |a rus 
102 |a kx 
105 |a aс g 001zy 
200 1 |a Корея  |e справочник  |f Оформ.: Ен Ан Графикс 
210 |a Сеул  |c Корейская служба информации для зарубежных стран  |d 1993 
215 |a 676 с.  |c ил., портр. 
320 |a Библиогр.: с. 650-665. 
606 1 |a Внутренняя политика  |x Азия  |2 stltpush  |3 (RuTPU)RU\TPU\subj\71148  |9 85184 
606 |a Корея  |x Экономика  |2 stltpush  |3 (RuTPU)RU\TPU\subj\36320  |9 57742 
610 1 |a Корея 
610 1 |a политика 
610 1 |a экономика 
610 1 |a история 
610 1 |a обычаи 
610 1 |a культура 
610 1 |a государственное устройство 
610 1 |a образование 
610 1 |a экономика 
610 1 |a промышленность 
610 1 |a спорт 
610 1 |a туризм 
610 1 |a транспорт 
610 1 |a средства массовой информации 
610 1 |a справочники 
686 |a Ф3(5)  |v LBC/SL-A  |2 rubbk 
686 |a У9(5Ко)  |v LBC/SL-A  |2 rubbk 
702 1 |a Ен Ан Графикс  |4 130 
801 1 |a RU  |b 63413507  |c 20011226  |g PSBO 
801 2 |a RU  |b 63413507  |c 20180607  |g PSBO 
942 |c BK